000 01468nam a22003737a 4500
003 CHAP
005 20220329133805.0
008 120910s1982 a r 00010 spa d
010 _a10946
011 _a11918
020 _a978-84-458-0721-7 (obra completa)
020 _a978-84-458-0723-1 (v.2)
020 _a9788445807224 (v.1)
035 _a12027
040 _cCHAP
082 0 4 _a636.0891
_bS58 1982
100 0 0 _aSisson, Septimus.
_9106700
245 1 0 _aAnatomía de los animales domésticos
_c/por Septimus Sisson y James Daniels Grossman, Robert Getty
250 _a5 ed.
260 _aEspaña :
_bElsevier,
_c1982
300 _a2 v.
590 _aBATCH-UPD
_b10
_c20130109
_lUCH01
_h2359
590 _aBATCH-UPD
_b10
_c20130110
_lUCH01
_h0942
590 _aBATCH-UPD
_b10
_c20130410
_lUCH01
_h0558
590 _aBATCH-UPD
_b10
_c20130914
_lUCH01
_h0337
590 _aCONVERSION
_b10
_c20130109
_lUCH01
_h1307
650 0 4 _aAnimales domésticos
_xAnatomía y fisiología.
_95892
700 0 _aGetty, Robert.
_947809
700 0 _aGrossman, James Daniels.
_950811
901 _aBK
942 _cLIBRO
949 _a636.0891 S58 1982 v.1
_bBC
_cLIBRO
_d33724002344280
_eLIBRO
_gSustituciØn
_h24393 sust.
_i12027
_mEste ejemplar sustituye la copia primera de la misma obra, 4 ediciØn
_si
949 _a636.0891 S58 1982 v.2
_bBC
_cLIBRO
_d33724002344298
_eLIBRO
_gSustituciØn
_h117351 sust.
_i12027
_mEste ejemplar sustituye la copia primera de la misma obra, 4 ediciØn
_si
999 _c10946
_d10946